[Event "Linares 14th"]
[Site "Linares"]
[Date "1997.02.14"]
[Round "9"]
[White "Anand, Viswanathan"]
[Black "Shirov, Alexei"]
[Result "1/2-1/2"]
[WhiteElo "2765"]
[BlackElo "2690"]
[Annotator "Shirov,A"]
[PlyCount "50"]
[EventDate "1997.02.04"]
[EventType "tourn"]
[EventRounds "11"]
[EventCountry "ESP"]
[EventCategory "18"]
[SourceTitle "CBM 057"]
[Source "ChessBase"]
[SourceDate "1997.04.01"]
[SourceVersion "1"]
[SourceVersionDate "1997.04.01"]
[SourceQuality "1"]

1. e4 e5 2. Nf3 Nc6 3. d4 {I didn't expect this opening from Vishy but
fortunately some other players at Linares could play it and at least i had
some knowledge of the database. But to remember the exact move orders would be
too much for me...} exd4 4. Nxd4 Bc5 5. Nxc6 Qf6 6. Qd2 dxc6 7. Nc3 Ne7 {
Just to know less that one needs after more popular} (7... Be6 {Of course, my
choice wasn't without Topalov's influence, as his draw against Kasparov seemed
convincing.}) 8. Qf4 Be6 {I made this move quickly but since Anand sank into
thought I realised that I probably confused something. It's true because in
fact Topalov played} (8... Ng6 9. Qxf6 gxf6 {. But it seems that my move 
('home-prepared' as any other commentator would put it) appears to be a good
novelty. White anyway will be forced to change queens and Black gets even
quicker development than in case of 8...Ng6.}) 9. Qxf6 gxf6 10. f4 (10. Na4
Bb4+ 11. Bd2 Bxd2+ 12. Kxd2 O-O-O+ 13. Bd3 b6 {seems rather satisfactory for
Black.}) 10... f5 11. Bd2 {Anand rejected} (11. Na4 {because of} Bb4+ 12. c3
Bd6 13. e5 b5 $1) 11... O-O-O 12. O-O-O Rhg8 13. g3 h5 $5 {Black still has
some positional disadvantage and his chances are in active play. Now White
opts for a forced line that at the end of all leads to draw.} 14. Bh3 {I was
slightly afraid of} (14. Be2 h4 15. gxh4 {but saw that} Rg2 $1 {promises good
compensation for the pawn.}) 14... h4 15. Na4 $1 {Now it looks like Black is
in danger as the f5 pawn is going to be hanging. So thought I but after some
half an hour of thought I found more or less clear path to draw.} Bf2 16. Bb4
Rxd1+ $1 17. Rxd1 (17. Kxd1 hxg3 18. hxg3 Kd8 {is also OK.}) 17... hxg3 18.
hxg3 {No time for} (18. Bxe7 gxh2) 18... b5 $1 19. Bxe7 bxa4 20. Bxf5 {It was
important to notice in advance that after} (20. exf5 {Black has} Bxa2) 20...
Bxf5 21. exf5 Be3+ 22. Kb1 Rxg3 23. Rd8+ Kb7 24. a3 Bxf4 25. Rf8 Be5 {Draw
because of the moves repetition after} (25... Be5 26. Rxf7 Rg1+ 27. Ka2 Rg2 28.
Kb1 Rg1+) 1/2-1/2

[Event "Tata Steel-A 77th"]
[Site "Wijk aan Zee"]
[Date "2015.01.12"]
[Round "3"]
[White "So, Wesley"]
[Black "Aronian, Levon"]
[Result "1-0"]
[WhiteElo "2762"]
[BlackElo "2797"]
[Annotator "So,Wesley"]
[PlyCount "107"]
[EventDate "2015.01.10"]
[EventType "tourn"]
[EventRounds "13"]
[EventCountry "NED"]
[EventCategory "20"]
[SourceTitle "CBM 165"]
[Source "ChessBase"]
[SourceDate "2015.03.11"]
[SourceVersion "1"]
[SourceVersionDate "2015.03.11"]
[SourceQuality "1"]

{Facing the defending champion is always difficult and I was expecting a long
fight.} 1. e4 e5 $1 2. Nf3 Nc6 $1 {In my opinion this is the way to meet 1.e4.
After many millions of chessgames in the past and being played right now, I
think we can draw a conclusion (at least statistically) as to what are the
best moves in the opening. The exclamation marks are entirely subjective and
might be unnecessary.} 3. d4 {After spending a long time trying to find
anything against the Berlin and the Marshall, I finally gave up and for this
game I decided to look for other paths to an advantage.} exd4 4. Nxd4 Nf6 {
A sign of the flexibility Black has from the variations arising from 1...e5.} (
{I thought Levon would go for} 4... Bc5 {which is Sargissian's pet variation.})
5. Nxc6 bxc6 6. e5 Qe7 7. Qe2 Nd5 8. Nd2 ({Maybe White has nothing here as
well but I thought it's a better try than} 8. c4 Ba6 {all the recent games
here showed Black has no problems.}) 8... Rb8 {This move caught me by surprise.
Levon's experience and knowledge of 1.e4 e5 is proving itself very useful.} ({
The main move is} 8... g6) 9. c4 (9. Nf3 Qb4+ {is excellent as the b2-pawn is
vulnerable.}) 9... Nf4 (9... Nb4 10. Nf3 c5 11. g3 d6 12. Bg2 {This I saw
during the game. Black might win the pawn on e5, but remain undeveloped with
the rest of his pieces.}) 10. Qe3 (10. Qe4 g5 $1 {is an example of what we
might call modern day preparation. Or maybe its just a matter of positional
understanding. Once Black manages to develop his bishops he will control the
centre.}) 10... Ng6 11. f4 f6 12. Qxa7 {I spent a lot of time here and decided
it's not everyday I can gobble up a free a-pawn, but I missed something in my
calculations.} ({I thought} 12. g3 {was strong. Now Black cannot take on e5
because 13.f5 traps the knight. But I was wrong.} {After} d5 $1 (12... Qc5 13.
Qxc5 Bxc5 14. exf6 gxf6 15. Nb3 Bb4+ 16. Kf2 (16. Bd2) 16... a5 17. c5 a4 18.
a3) (12... d6 13. Qxa7) 13. Qxa7 Rb6 14. Bg2 Qc5 {Black prevents castling.} (
14... fxe5 15. O-O e4 16. Nb3)) 12... Rb7 13. Qf2 (13. Qa8 $2 Kd8 14. c5 Nxf4 {
White's queen doesn't look very happy on a8 and after} 15. Ba6 Qxe5+ 16. Kd1
Nxg2 17. Bxb7 Ne3+ 18. Ke2 Ng4+ 19. Kf3 Bxc5 20. Qxc8+ Ke7 21. Qxh8 Qf5+ $19 {
White gets mated. Of course none of this is forced.}) 13... fxe5 14. f5 Nf4 {
I thought for a long time but the best move was very difficult to find. This
could be a good opportunity to have this position as a puzzle with "White to
play and find the best move".} 15. Qf3 $6 ({Very strong for White:} 15. a3 $1
d5 (15... Qc5 16. Qf3) (15... Qf7 16. g3 Nh5 17. b4 Be7 (17... d5 18. Bb2 e4
19. cxd5 cxd5 20. Ba6) 18. Be2 O-O 19. O-O Nf6 20. Bb2 d6 21. Qg2 Ra7 22. g4 h6
23. Bf3 Bb7 24. h3 Qe8 25. Nb3) (15... Nh5 16. b4) (15... Qd6 16. Qf3) 16. g3
Nh5 17. cxd5 cxd5 18. Ba6 c6 (18... Rb8 19. Qa7) (18... c5 19. Bxb7 Bxb7) 19.
Qe2 Nf6 20. Nf3 e4 21. Nd4) 15... Qf7 {Now Black is totally fine and can
almost seize the initiative.} 16. g3 Nh5 17. Be2 Nf6 18. g4 $1 {I have to
fight back with my pawns and pieces. The f6-knight is very well placed and I
have to dislodge it.} (18. Qe3 Bb4 19. Qxe5+ $2 Kd8 20. Qf4 Re8 $17 {all
Black's pieces come to life.}) 18... d5 (18... h6 19. Qh3 {intending g5 is
also complex.}) 19. g5 e4 20. Qh3 Ng8 $2 {A huge blunder by Levon which loses
instantly. I think he missed that the c8-bishop is unprotected.} ({He was
intending to play} 20... Nd7 {when the position is very unclear and all 3
results would have been very possible. I don't want to give a concrete
analysis as there are a lot of possible variations but one example is:} 21. Bh5
g6 22. Bxg6 hxg6 23. Qxh8 Nc5 24. O-O Bxf5 25. Nb3 Kd7 26. Be3 Nxb3 27. axb3
Bg7 (27... Qg7 28. Qh6 $1) 28. Qa8 Rxb3 29. Ra7 {when a perpetual check is
likely to happen.}) 21. Bh5 g6 22. fxg6 Bxh3 23. gxf7+ Kd7 24. fxg8=Q (24. b3
$1 {is even more accurate but it's a move for computers.}) 24... Rxg8 25. Rg1 {
White is simply a clear piece up but Levon kept on playing. It's not over
until it's over.} Bd6 (25... Bc5 26. Rg3 Be6 27. Nb3 Bd6 28. Rg2) 26. cxd5 $1
cxd5 27. Bf7 Rf8 (27... Bxh2 28. Bxg8 Bxg1 29. Bxd5) 28. Bxd5 Rb4 29. g6 hxg6
30. Rxg6 Rd4 31. Bxe4 {Now Black is a piece and a pawn down.} Re8 32. Kf2 Rf8+
(32... Rdxe4 33. Nxe4 Rxe4 34. Be3 {is definitely lost in the long run, so
Levon decides to avoid any exchanges.}) 33. Ke1 {The point is to gain time on
the clock and reach move 40.} Re8 34. Kf2 Rf8+ 35. Ke3 c5 36. Rg7+ Kd8 37. Ke2
Bc8 38. Bf3 Ba6+ 39. Kf2 Rh4 40. Nf1 Kc8 {Finally we reached the time control
with White keeping all his advantages. Now I can take all the time in the
world to figure out the quickest win.} 41. Be3 Rh3 42. Nd2 Rxh2+ 43. Kg1 Rxd2
44. Bg4+ Kb8 45. Bxd2 Be5 46. Re7 Bd4+ 47. Be3 Rg8 48. Bxd4 Rxg4+ 49. Kf2 Rxd4
50. Rh1 Bb7 (50... Rd2+ 51. Ke3 $2 Re2+ {this might happen in a tournament
such as the World Blitz, which will start a few months from now~!}) 51. Rh8+
Ka7 52. Ke3 Rb4 53. b3 c4 54. Rh4 1-0

[Event "EU-chT (Men) 14th"]
[Site "Plovdiv"]
[Date "2003.10.12"]
[Round "2.3"]
[White "Sutovsky, Emil"]
[Black "Bauer, Christian"]
[Result "1-0"]
[WhiteElo "2646"]
[BlackElo "2602"]
[Annotator "Sutovsky,E"]
[PlyCount "129"]
[EventDate "2003.10.10"]
[EventType "team-swiss"]
[EventRounds "9"]
[EventCountry "BUL"]
[SourceTitle "CBM 098"]
[Source "ChessBase"]
[SourceDate "2004.02.03"]
[SourceVersion "1"]
[SourceVersionDate "2004.02.03"]
[SourceQuality "1"]
[WhiteTeam "Israel"]
[BlackTeam "France"]
[WhiteTeamCountry "ISR"]
[BlackTeamCountry "FRA"]

1. e4 {Hecht,H. Postny,E} e5 2. Nf3 Nc6 3. d4 exd4 4. Nxd4 Bc5 5. Be3 Qf6 6. c3
Nge7 7. g3 {Postny,E: 'GM Sutovsky consistantly playing this line with success.
'} d5 8. Bg2 dxe4 (8... Nxd4 {Postny,E} 9. cxd4 Bb4+ 10. Nc3 Bxc3+ 11. bxc3
dxe4 12. Bxe4 c6 13. O-O Bf5 14. Bg2 O-O 15. c4 Be6 16. d5 cxd5 17. cxd5 Bxd5
18. Bxd5 Rad8 19. Bd4 Qd6 20. Bxg7 Kxg7 21. Bxb7 $16 {1-0 Azmaiparashvili,
Z-Kasimdzhanov,R/Moscow 2001/CBM 86 (74)}) 9. O-O ({Quite risky is} 9. Nb5 {
Postny,E} Bxe3 10. Nxc7+ Kf8 11. fxe3 Rb8 {- see the annotated game Narciso,
M-Azarov,S/Leon 2001/CBM 86 [Postny]}) (9. Nd2 {Postny,E} Bxd4 10. cxd4 Bf5 11.
Nxe4 Bxe4 12. Bxe4 Qe6 13. Bg2 Nd5 14. Qb3 O-O-O 15. O-O Rhe8 16. Rac1 Nxe3 17.
Qxe6+ Rxe6 18. fxe3 Rxe3 19. Rxf7 Re7 $11 {1/2-1/2 Sedlak,N-Ovod,E/Budapest
2002/CBM 89 ext (49)}) 9... Bxd4 (9... Nxd4 {was played against me by
Beliavsky and Solozhenkin} 10. cxd4 Bb6 11. a4 $1 {brought me some advantage
in these games}) 10. cxd4 O-O {Christian plays it logically, he decides to
castle, and then to create some pressure on the ''d4'' pawn. However,white
gets and advantage here, thanks to his superiority in the centre and the
powerful ''g2'' bishop.} (10... Bf5 {Postny,E} 11. Nc3 O-O-O {- see the
annotated game Sutovsky,E-Postny,E/ISR-ch 2000/CBM 81 [Postny,E]}) 11. Nc3 Rd8
(11... Bf5 {Postny,E} 12. Nxe4 Qg6 13. Nc3 Rad8 14. Qb3 b6 15. d5 Na5 16. Qb4
Rd7 17. Rfe1 $14 {1/2-1/2 Steil Antoni,F-Sekulovska,V/Bled 2002/EXT 2003 (31)})
12. Nxe4 Qg6 13. Rc1 {Natural, but maybe, not the best move. Stronger (at
least practically!) is the immediate} (13. Nc5 {preventing the bishop's sortie
and provoking b7-b6} Nd5 (13... b6 14. Nd3 Bb7 15. Rc1 {clearly favours white})
14. Qb3 Nce7 15. Rfe1 b6 16. Nd3 {with a very comfortable position for white})
(13. Qa4 {Postny,E} Bf5 14. Nc3 Bc2 15. Qb5 Bd3 16. Qxb7 Rab8 17. Qxc7 Rdc8 18.
Qf4 Bxf1 19. Rxf1 Rxb2 20. d5 $44 {1-0 Kislov,M-Simacek,P/Trinec 2001/EXT 2003
(37)}) 13... Bf5 $1 {'?!' Postny,E. Now the concrete play starts, where both
sides have to see a lot (which is not easy under the FIDE time control...)
Postny,E: 'Black is leaving his queenside unprotected.'} (13... Nd5 {Postny,E}
14. Nc5 Nce7 15. Nd3 Be6 16. Ne5 Qf6 17. Qh5 g6 18. Qe2 h5 19. Rcd1 Qg7 20. h3
$14 {1-0 Shrentzel,M-Obando,A/Dortmund 1980/EXT 2000 (54)}) 14. Nc5 b6 15. Na6
(15. Nb7 $2 {is tempting, but insufficient} Rd7 16. d5 $2 Be4 {just ruins all
white hopes}) 15... Be4 $1 {still the most principial and the strongest!} ({
After} 15... Rac8 {Postny,E} 16. Re1 {white has strong pressure.}) 16. Nxc7 {
'?!' Postny,E.} (16. Bxe4 $5 Qxe4 17. Nxc7 Ne5 $1 (17... Rac8 $6 {leads to the
position from the game}) (17... Nxd4 $2 {Postny,E} 18. Bxd4 Rxd4 19. Qb3 Rc8
20. Rce1 $18) 18. Nxa8 Nf3+ 19. Kh1 Nd5 {I've reached this position in my
calculations and it seemed to me pretty dangerous. However, white retains some
chances after} 20. Qc2 $1 Qg4 21. Rg1 $5 (21. Kg2 Nh4+ 22. Kg1 Qf3 23. gxh4
Qg4+ 24. Kh1 Qf3+ $11) 21... Nxg1 (21... Rxa8 $5 22. Qd1 h5 23. Rg2 Rd8 {
is a very interesting option, when black knights are dominating the board as
white's huge material advantage plays no particular role}) 22. Kxg1 Rxa8 23.
Re1 {though it's not easy to find any path to convert such an advantage - the
knight on d5 is just too strong!}) 16... Rac8 $6 (16... Bxg2 $1 17. Kxg2 Rac8
18. Nb5 a6 (18... Nf5 {(Postny,E) with sufficient compensation for the pawn.})
19. Nc3 Nb4 {probably would lead to an equal ending after} 20. Qb3 (20. Qd2 Nd3
21. Rcd1 Qc6+ 22. Kg1 Ne5) 20... Nd3 21. Rcd1 Qc6+ $1 22. Kg1 (22. d5 Nxd5 23.
Nxd5 Rxd5 24. Qxb6 Qxb6 (24... Nf4+ $5 25. Kf3 $1 $13) 25. Bxb6 Rc2 $11) 22...
Nxb2 23. Qxb2 Qxc3 24. Qxb6 Nd5 25. Qb3 Qxb3 26. axb3 Rc3 $11) 17. Bxe4 Qxe4
18. Nb5 {Now white remains with just an extra pawn, though it's not easy to
win such a position due to the superb black's knights. Postny,E: 'transposes
to the game.'} Qd5 19. Nc3 Qd7 20. Re1 h6 21. a3 $1 {It's very important to
prevent the Nc6-b4 maneuvre.} Nd5 22. Qf3 Nce7 23. Bd2 $1 {allowing the rooks
to get a control over the''e'' file} Rc6 24. Re5 Rd6 25. Rce1 {here, I've
calculated the line and decided to liquidate into the endgame, where he is not
in time to block my pawn} Nc6 26. Rxd5 Rxd5 27. Nxd5 Qxd5 28. Re8+ $1 Kh7 29.
Qd3+ (29. Qxd5 Rxd5 30. Be3 {would also leave me some winning chances, but I
knew (from my sad experience in past, as well) that ''All rook endgames are
drawish'' (of course, when You try to win it!), and so opted for the line I
had in mind, while playing 25.Rce1}) 29... g6 (29... f5 30. Rxd8 Nxd8 31. Bf4
Nc6 32. Be5 {is no fun for him either}) 30. Rxd8 Nxd8 31. Qe3 $1 g5 {'?!'
Postny,E. Postny,E: 'After this move black's position is beyond saving.'} ({
The best continuation was to activate the knight:} 31... Ne6 $1 {Postny,E} 32.
Qxh6+ Kg8 33. Be3 (33. Qe3 Nxd4 34. Bc3 Ne6 $14 {[%csl Gd5,Ge6]}) 33... Nxd4
34. Bxd4 Qxd4 35. Qc1 {In this endgame black keeps chances for a draw.}) 32.
Qe5 {I stopped here, while picking my 25th move, assuming that such an endgame
should be technically won, though the matters are not that simple} Qxe5 33.
dxe5 Kg6 $2 {Grave mistake! After the correct} ({Hecht,H: Das strategisch
sinnvollere} 33... g4 34. h3 h5 35. f3 $1 (35. f4 {Hecht,H} Kg6 36. hxg4 hxg4
37. Kf2 Kf5 38. Ke3 Nc6 39. Kd3 b5 40. Be1 {wird Schwarz alsbald in Zugzwang
bringen, was Weiß das Betreten der Felder e4/d4/c5 ermöglichen wird}) 35... Nc6
$1 36. Bc3 Kg6 {he had real chances to hold it. However, with a couple of
minutes left, Christian made the most natural 33...Kg6, allowing me to seal it
with 34.g4!}) 34. g4 {Now, the position is just winning for me. Alas, being
short of time as well, I made few inaccuracies which prolonged the game,  but
didn't change the outcome.} h5 35. f3 hxg4 36. fxg4 f6 37. exf6 Kxf6 38. Kf2
Nf7 39. Ke3 Ke5 40. Be1 a6 41. h4 $1 {creating a passer on the kingside, and
then penetrating with a king to the queenside is the simplest way, of course}
Ke6 42. hxg5 Nxg5 43. Bh4 Nf7 44. Bg3 b5 45. Ke4 Nd8 46. Kd4 Nb7 47. Bf4 $138 (
47. b4 $1 {would just win immediately}) 47... Na5 48. Bd2 Nb3+ 49. Kc3 Nc5 50.
Be3 Ne4+ 51. Kd4 Nf6 52. g5 Nd7 53. b3 a5 54. g6 Kf6 55. Kd5 a4 56. b4 Kxg6 57.
Kc6 Nf6 58. Kxb5 Nd5 59. Bd2 Kf7 60. Kxa4 {Such endgames are always winning, I
just had to be cautious and not to remain with a bishop+ ''a'' pawn...} Ke6 61.
Kb5 Kd7 62. Ka6 Kc8 63. Ka7 {Hecht,H: 'Weiß vergißt selbstverständlich nicht,
dass er den "falschen" Läufer besitzt.'} (63. b5 $4 Nc7+ 64. Kb6 Nxb5 {was
something my opponent hoped for}) (63. a4 $4 {Hecht,H} Nxb4+ 64. Bxb4 Kb8 $11)
63... Nf6 64. b5 Nd7 65. a4 1-0

[Event "St Petersburg op"]
[Site "St Petersburg"]
[Date "1993.??.??"]
[Round "6"]
[White "Svidler, Peter"]
[Black "Yemelin, Vasily"]
[Result "1-0"]
[WhiteElo "2495"]
[BlackElo "2345"]
[Annotator "Svidler,P"]
[PlyCount "75"]
[EventDate "1993.10.??"]
[EventType "swiss"]
[EventRounds "9"]
[EventCountry "RUS"]
[SourceTitle "CBM 037"]
[Source "ChessBase"]
[SourceDate "1993.12.01"]
[SourceVersion "1"]
[SourceVersionDate "1993.12.01"]
[SourceQuality "1"]

1. e4 e5 2. Nf3 Nc6 3. d4 exd4 4. Nxd4 Bc5 5. Nxc6 Qf6 6. Qd2 bxc6 7. Bd3 Ne7
8. O-O Ng6 {N [8...0-0-52/312]} 9. Kh1 Ne5 10. Be2 d6 (10... Bxf2 11. Na3 $5 (
11. Bd1 Be3 12. Qe2 Qxf1+ 13. Qxf1 Bxc1 $13) 11... d6 12. Bd1 Be3 13. Qe2 Bxc1
14. Rxf6 Bxb2 15. Rb1 Bxa3 16. Rf1 $14) (10... h5 11. Qf4 Qxf4 12. Bxf4 d6 13.
Nc3 $14) 11. f4 Ng4 12. Bxg4 Bxg4 13. f5 Qd4 $8 (13... O-O-O 14. h3 $1 Qh4 15.
Qf4 h5 16. Be3 Bxe3 17. Qxe3 $16 {/\ Kg1; /\ Qa7}) 14. Qe1 (14. h3 Qxd2 15.
Nxd2 Be2) (14. Qf4 Be2 15. Re1 O-O-O 16. Nc3 Ba6 17. Be3 Qc4 $13) 14... O-O-O
$6 (14... f6 15. Nc3 (15. Nd2 Bh5 (15... O-O-O 16. Nb3 Qc4 17. Rf4 $1 $16 {
/\ e5}) 16. Nb3 Qc4 17. Be3 Bb6 $13) 15... O-O-O 16. Qg3 Bh5 17. Bf4 $14 {
/\ Qg7; /\ Rae1,Be3}) 15. h3 $1 Rde8 16. Nd2 (16. Nc3 h5 $13 {/\ g6}) 16... h5
(16... Bh5 17. g4 d5 18. gxh5 dxe4 19. Nb3 Qd5 20. Be3 $18) (16... Qf6 $5 {
/\ Bf5} 17. Nb3 (17. Qg3 Be2 $13) 17... Bxf5 18. Nxc5 dxc5 19. Qa5 Rxe4 20.
Qxa7 Rhe8 21. Bf4 R8e7 22. Rad1 Rd4 23. c3 $1 Rd3 (23... Rxd1 24. Rxd1 $18 {
/\ Qa8#}) (23... Rd5 24. Rxd5 cxd5 25. Qa8+ Kd7 26. Qxd5+ $18) 24. Bxc7 $1
Rxh3+ (24... Rxc7 25. Qa8+ Kd7 26. Rxd3+ $18) (24... Rxd1 25. Rxd1 $18 {/\ Qb8#
}) 25. Kg1 $1 $18) 17. Nb3 Qc4 (17... Qxe4 18. Qxe4 Rxe4 19. Nxc5 dxc5 20. hxg4
hxg4+ 21. Kg1 g3 22. Bf4 $18) (17... Rxe4 18. Nxd4 Rxe1 19. Rxe1 Bxd4 20. Re7
$14 (20. f6 gxf6 21. Be3 $14)) 18. Nxc5 dxc5 (18... Qxc5 19. Be3 Qxc2 20. hxg4
hxg4+ 21. Kg1 Qxe4 22. Bf4 Qxf5 23. Qc3 $14) 19. Rf4 $1 (19. hxg4 Rxe4 20. Qf2
$8 Re2 $1 21. Qf4 (21. Qg3 $2 hxg4+ 22. Kg1 Qd4+ $19) 21... Re4 $1 $10) 19...
g5 $8 (19... Be2 20. Be3 $1 g5 (20... Qxc2 21. Rf2 Qxe4 22. Rxe2 $18) 21. fxg6
fxg6 22. b3 Qa6 23. Bxc5 g5 24. Rf7 Rxe4 25. Qg3 $18) 20. fxg6 fxg6 $1 (20...
Be6 21. b3 $1 Qxc2 22. Rf2 $1 Qd3 23. Bb2 $1 $18) 21. b3 (21. hxg4 g5 22. Rf5
hxg4+ 23. Kg1 Rxe4 $40) 21... Qxc2 (21... Qd4 22. Bd2 $1 {/\ Bc3} (22. Be3 Qe5
23. hxg4 hxg4+ 24. Kg1 g5 25. Rf7 Qxe4 26. Bf2 g3 $1 27. Qxe4 $8 gxf2+ 28. Kxf2
Rxe4 29. Re1 {=/+/=}) 22... Qd6 (22... g5 23. Bc3 Qd6 24. Rf6 Be6 25. Qe2 $16)
(22... Rhf8 23. Bc3 $1 Qd6 24. Rxf8 Rxf8 25. hxg4 $18) 23. Rf7 $1 {/\ Bf4} Qe6
24. Qf1 Bf5 25. Qa6+ Kb8 26. Rxc7 Kxc7 27. Bf4+ Kd8 (27... Kd7 28. Qb7+ Kd8 29.
Qc7#) 28. Bg5+ $1 Re7 (28... Kd7 29. Rd1+ $18) (28... Kc7 29. Qxa7+ Kc8 30. Bf4
$18) 29. exf5 Qxf5 30. Rd1+ Ke8 31. Bxe7 Kxe7 32. Qxa7+ $18) 22. hxg4 hxg4+ 23.
Kg1 g3 $1 (23... g5 24. Rxg4 $18) 24. Be3 (24. Qd2 $6 Rxe4 $1 25. Rxe4 (25.
Qxc2 Re1+ 26. Rf1 Rh1+ $1 $19) (25. Rf3 Reh4 $1 26. Rxg3 (26. Rf8+ Rxf8 27.
Qxc2 Rh1+ $19) 26... Rh1+ 27. Kf2 Qxd2+ 28. Bxd2 Rxa1 $19) 25... Qxe4 26. Bb2
Rh5 $40) 24... Rh2 $2 $138 (24... Rh7 $1 25. Rc1 Qb2 (25... Qxa2 26. Qd2 Qxb3
27. Qc3 Qa2 28. Qc2 Qe6 29. Kf1 $16) 26. Qc3 Qe2 27. Qd2 Qh5 28. Kf1 g5 29. Rf3
Rxe4 30. Rxc5 $18) (24... Rh5 $6 25. Rc1 $1 Qb2 26. Qc3 Qe2 27. Qd2 $18 Reh8
$140 28. Rf8+ $1 $18) 25. Qxg3 Reh8 26. Rf8+ $1 (26. Qxh2 Rxh2 27. Kxh2 Qc3 28.
Rff1 Qxe3 29. Rae1 $14) 26... Rxf8 27. Kxh2 $18 Qxe4 28. Rc1 Kb7 29. Bxc5 Rh8+
30. Kg1 Rh4 31. Qf3 Qe5 32. Bf2 $1 Qh2+ 33. Kf1 Rh5 34. Qxc6+ Kb8 35. Qe8+ Kb7
36. Qxg6 Qh1+ (36... Qe5 37. Qc6+ Kb8 38. Bxa7+ $1 Kxa7 39. Qxc7+ $18) 37. Bg1
Rh4 $138 38. Qc6+ {38...Kb8 39.Qxc7 Ka8 40.Qc8#} 1-0